| 000 -CABECERA |
| fixed length control field |
01108nam a22002297a 4500 |
| 003 - IDENTIFICADOR DEL NÚMERO DE CONTROL |
| control field |
AR-CdUCM |
| 008 - DATOS DE LONGITUD FIJA--INFORMACIÓN GENERAL |
| fixed length control field |
190325b ||||| |||| 00| 0 spa d |
| 040 ## - FUENTE DE LA CATALOGACIÓN |
| Agencia/entidad que catalogó originalmente la obra |
MUNICIPALIDAD PROVINCIAL DEL CUSCO |
| Entidad que transcribió la catalogación |
BIBLIOTECA MUNICIPAL DEL CUSCO |
| 082 ## - NÚMERO DE LA CLASIFICACIÓN DECIMAL DEWEY |
| No. de Clasificación |
338.10985412 / |
| Notacion interna |
EG31 |
| 100 ## - ENTRADA PRINCIPAL--NOMBRE DE PERSONA |
| Nombre Personal |
Eguiluz Menendez, Percy |
| 245 ## - MENCIÓN DE TÍTULO |
| Título |
Tres haciendas y un pueblo : |
| Resto del título |
historia agraria del distrito de Punta de Bombón / |
| Mención de responsabilidad |
Percy Eguiluz Menéndez; Julio Valdivia Ochoa |
| 260 ## - PUBLICACIÓN, DISTRIBUCIÓN, ETC. |
| Lugar de publicación, distribución, etc. |
Arequipa : |
| Nombre de la editorial, distribuidor, etc. |
Municipalidad Distrital de Punta de Bombón, |
| Fecha de publicación, distribución, etc. |
2014. |
| 300 ## - DESCRIPCIÓN FÍSICA |
| Nº de Páginas Extensión |
77 páginas ; |
| Otros detalles físicos |
ilustraciones, fotografías; |
| Dimensiones |
20.5 cm. |
| 505 ## - NOTA DE CONTENIDO CON FORMATO |
| Nota de contenido formateada |
Contenido: El río y el valle: El río Tambo -- El valle de Tambo -- Tres haciendas: Hacienda Bombón -- Hacienda El Pino -- Hacienda Santa Cruz -- El pueblo de Punta de Bombón ... |
| 650 ## - PUNTO DE ACCESO ADICIONAL DE MATERIA--TÉRMINO DE MATERIA |
| Descriptor |
Desarrollo agrícola - Perú |
| 9 (RLIN) |
23746 |
| 650 ## - PUNTO DE ACCESO ADICIONAL DE MATERIA--TÉRMINO DE MATERIA |
| Descriptor |
Punta de Bombón - Arequipa |
| 9 (RLIN) |
23747 |
| 650 ## - PUNTO DE ACCESO ADICIONAL DE MATERIA--TÉRMINO DE MATERIA |
| Descriptor |
Haciendas - Perú - Arequipa |
| 9 (RLIN) |
23748 |
| 650 ## - PUNTO DE ACCESO ADICIONAL DE MATERIA--TÉRMINO DE MATERIA |
| Descriptor |
Tenencia de tierras - Arequipa - Perú |
| 9 (RLIN) |
23749 |
| 700 ## - PUNTO DE ACCESO ADICIONAL--NOMBRE DE PERSONA |
| Nombre Personal |
Valdivia Ochoa, Julio |
| 9 (RLIN) |
23750 |
| 942 ## - ELEMENTOS DE PUNTO DE ACCESO ADICIONAL (KOHA) |
| Fuente de clasificación |
|
| Tipo de item |
Libros-BMC |
| 945 ## - PROCESAMIENTO DE INFORMACIÓN LOCAL (OCLC) |
| Catalogador |
lccs |